Амьдралын төлөөс (Бичлэгийн дугаар. 1145434)
[ энгийн харах ]
| 000 -Удирдлага | |
|---|---|
| Ном зүйн бүртгэл тоо буюу кодлох утгыг агуулсан | 00572nam a22001937a 4500 |
| 003 - ХЯНАЛТЫН ТОО ТОДОРХОЙЛОГЧ | |
| Код | MN-UlNLM |
| 005 - ХАМГИЙН СҮҮЛИЙН ҮЕИЙН ХЭЛЦЛИЙН ОГНОО БА ЦАГ | |
| Тухайн бичилтийг бичсэн засварласан сүүлийн огноо. | 20250122143312.0 |
| 008 - ЕРӨНХИЙ МЭДЭЭЛЭЛ-ЭЛЕМЕНТҮҮДИЙН ӨГӨГДЛИЙН УРТ | |
| fixed length control field | 241017s2024 mp ||||| |||| 00| 0 mon d |
| 020 ## - ОЛОН УЛСЫН СТАНДАРТ НОМЫН ДУГААР-ISBN | |
| Олон Улсын Стандарт Номын Дугаар | 9789919022648 |
| 040 ## - ЭХ СУРВАЛЖИЙГ ТОДОРХОЙЛОН БИЧИХ | |
| Каталогийн хэл | Монгол |
| 084 ## - БУСАД АНГИЛЛЫН ДУГААР | |
| Ангиллын нэр | Номын сан номзүйн ангилал |
| Анги | 84(5Мон)-5 |
| Зохиогчийн 3-н тэмдэгт | П 915 |
| Шинжлэх ухааны мэдлэгийн салбар | Уран зохиол - 84 |
| 100 1# - ЗОХИОГЧИЙН ХЭСЭГ | |
| Зохиогчийн нэр | Пүрэвдорж Ч. |
| 240 ## - ЗЭРЭГЦЭЭ ГАРЧИГ | |
| Зэрэгцээ гарчгийн нэр | Dem leben zuruckgeben |
| 245 1# - ҮНДСЭН ГАРЧИГ | |
| Гарчиг | Амьдралын төлөөс |
| Гарчигт хамааралтай мэдээ | Шүлгийн түүвэр |
| Оролцогчдын тухай мэдээ | Орч. В.Айлээн, П.Гангаамаа |
| 260 1# - ГАРАЛТЫН ТУХАЙ МЭДЭЭ | |
| Хэвлэгдсэн газар | УБ |
| Хэвлэлийн газар | Жиком пресс |
| Хэвлэгдсэн он | 2024 |
| 300 ## - ТООНЫ МЭДЭЭ | |
| Хуудасны тоо | 224х |
| 546 ## - ХЭЛНИЙ ТУХАЙ МЭДЭЭ | |
| Хэл | mon |
| 942 ## - ЭЛЕМЕНТИЙН ТӨРӨЛ | |
| Төрөл | Ном |
| Буцаан татагдсан төлөв | Хасагдсан шалтгаан | Гэмтсэн төлөв | Данс заагч | Захиалах боломжгүй | Үндсэн номын сан | Одоогийн байршил | Салбар танхим | Салбар танхим | Бүртгэсэн огноо | Бүрдүүлэлтийн эх үүсвэр | Тавиурын заалт | Баркод | Үнэ | Хамгийн сүүлд байсан огноо | Нийт уншлаганд гарсан тоо | Дансны дугаар | Ангиллын нэр | Фактур мөрийн дугаар | Төрөл |
|---|---|---|---|---|---|---|---|---|---|---|---|---|---|---|---|---|---|---|---|
| МУҮНомын сан салбар | МУҮНомын сан салбар | МУҮНС салбар | Язгуур танхим 8 давхар | МУҮНС салбар | Язгуур танхим 8 давхар | 2025-02-04 | Бэлэг, хандив | 84(5Мон)-5 П 915 | 006000099201 | 12000.00 | 2025-02-04 | 99201 | Ном | ||||||||
| Албан хэрэгцээнд | МУҮндэсний Номын сан | МУҮндэсний Номын сан | МУҮНС төв | Архив фонд төв байр | МУҮНС төв | Архив фонд төв байр | 2024-10-17 | Бэлэг, хандив | 84(5Мон)-5 П 915 | 003110043731 | 12000.00 | 2024-10-17 | 43731 | Номын сан номзүйн ангилал | 240814.00 | Ном | |||||
| МУҮндэсний Номын сан | МУҮндэсний Номын сан | МУҮНС төв | Ойр фонд | МУҮНС төв | Ойр фонд | 2025-02-04 | Бэлэг, хандив | 84(5Мон)-5 П 915 | 006000099202 | 12000.00 | 2025-02-04 | 99202 | Ном |